Mudshark / (Record no. 4540)

MARC details
000 -LEADER
fixed length control field 01015nam a22002897a 4500
001 - CONTROL NUMBER
control field 4540
003 - CONTROL NUMBER IDENTIFIER
control field FISKH
005 - DATE AND TIME OF LATEST TRANSACTION
control field 20241024142612.0
008 - FIXED-LENGTH DATA ELEMENTS--GENERAL INFORMATION
fixed length control field 240913b cb ||||| |||| 00| 0 eng d
020 ## - INTERNATIONAL STANDARD BOOK NUMBER
International Standard Book Number 9780545284073
040 ## - CATALOGING SOURCE
Original cataloging agency FISKH
Language of cataloging eng
Transcribing agency FISKH
Modifying agency FISKH
050 ## - LIBRARY OF CONGRESS CALL NUMBER
Classification number PZ7.P2843
082 ## - DEWEY DECIMAL CLASSIFICATION NUMBER
Edition number 813.6
100 ## - MAIN ENTRY--PERSONAL NAME
Personal name Paulsen, Gary
Dates associated with a name (1939–2021)
245 ## - TITLE STATEMENT
Title Mudshark /
Statement of responsibility, etc. Gary Paulsen
250 ## - EDITION STATEMENT
Edition statement First prinitng in 2010
260 ## - PUBLICATION, DISTRIBUTION, ETC.
Place of publication, distribution, etc. New York :
Name of publisher, distributor, etc. Scholastic,
Date of publication, distribution, etc. 2010.
300 ## - PHYSICAL DESCRIPTION
Extent 86 pages :
Dimensions 20 cm
505 ## - FORMATTED CONTENTS NOTE
Formatted contents note Z <br/>
520 ## - SUMMARY, ETC.
Summary, etc. Principal Wagner confidently deals with a faculty washroom crisis, a psychic parrot, and a terrorizing gerbil, but when sixty-five erasers go missing, he enlists the help of the school's best problem solver and locator of lost items, twelve-year-old Lyle Williams, aka Mudshark.
521 8# - TARGET AUDIENCE NOTE
Target audience note 1080 <br/>
Source Lexile <br/>
521 8# - TARGET AUDIENCE NOTE
Target audience note Z <br/>
Source Raz-Plus <br/>
650 ## - SUBJECT ADDED ENTRY--TOPICAL TERM
Source of heading or term Fiction
Topical term or geographic name entry element Problem solving
650 ## - SUBJECT ADDED ENTRY--TOPICAL TERM
Source of heading or term Chapter book
Topical term or geographic name entry element School stories
942 ## - ADDED ENTRY ELEMENTS (KOHA)
Source of classification or shelving scheme Dewey Decimal Classification
Koha item type Books
Suppress in OPAC No
Holdings
Withdrawn status Lost status Source of classification or shelving scheme Damaged status Not for loan Collection Home library Current library Shelving location Date acquired Total Checkouts Full call number Barcode Date last seen Copy number Price effective from Koha item type
    Dewey Decimal Classification     Fiction Footprints International School Library Network Toul Kork Campus Footprints International School Library Network Toul Kork Campus TTP Secondary Fiction Bookshelves 09/13/2024   PAU 813.6 PZ7.P2843 2024-1960 09/13/2024 1 09/13/2024 Books
    Dewey Decimal Classification     Fiction Footprints International School Library Network Toul Kork Campus Footprints International School Library Network Toul Kork Campus TTP Secondary Fiction Bookshelves 09/13/2024   PAU 813.6 PZ7.P2843 2024-1961 09/13/2024 2 09/13/2024 Books